000 00763nam a2200205 a 4500
005 20260319064215.0
008 010912s1998 r 000 0 eng d
035 _aUPN01000178218
049 _aCG
050 4 _aLB2838
_bQ8.3
100 1 _aQuiles Cruz, Manuel
_929588
245 1 0 _aGuía para orientar el examen del Factor Preparación Profesional Primera Vertiente :
_bEducación física : (Preescolar, Primaria y Secundaria) /
_cManuel Quiles Cruz, Jesús Luna Mejía.
260 _aMéxico:
_bTrabajos Manuales Escolares,
_c1998.
300 _a191 p. :
_bcuadros
440 0 _aCarrera magisterial
650 4 _aMaestros
_xFormación profesional
_9804
650 4 _aEvaluación del docente
_95198
700 1 _aLuna Mejía, Jesús,
_ecoaut.
905 _aLibro
999 _c150321
_d150321